01403nam a2200337 a 450000500170000000800410001702000150005804100080007309200210008110000330010224501000013525001140023526000540034930000430040350001870044665300230063365300200065665300210067665300150069765300080071265300110072070000320073170000300076393000080079393000080080193000090080993000080081894200120082699900150083895202120085320240805094416.0100623e2003||||sp a f |||| 001 0 spa d a8479035315 aspa c611.022l69sPUT1 aPutz, Reinhard V.eEd.91178 aSobotta. Atlas de Anatomía Humana.bT.1 Cabeza, Cuello y Miembro Superior /cReinhard V. Putz a21 a ed. 3a reimp. en español bTraducción Alfonso Llamas ; José Luís Velayos e Ignacio Navascués.  aMadrid: bEditorial Médica Panamericana;c2003. a428 p.b683 ilustraciones ; 76 cuadros aPutz, R., Pabst, R. (Eds.) y Putz, R. (Col.). (2003). Sobotta. Atlas de anatomía humana. T.1 Cabeza, Cuello y Miembro Superior. (21a ed.). Madrid : Editorial Médica Panamericana. aAnatomía general aCabeza y cuello aMiembro superior aEncéfalo aOjo aOído1 aPabst, Reinhard.eEd.911791 aPutz, Renate.eCol.94090 a579 a581 a1634 a580 2ddccBK c3189d3189 00102ddc4070aBFMbBFMcCRd2024-08-05eDonación Tilleria, Rubén. Agosto 2024.l13m1o611.022 69 PUT p4892r2026-06-02s2026-05-22tEj.5w2024-08-05yBKzDonación Tilleria, Rubén. Agosto 2024.f